| 000 | 00948nas a2200325 4500 | ||
|---|---|---|---|
| 001 | BR2012001071 | ||
| 003 | BR-BrBNA | ||
| 005 | 20231205120221.0 | ||
| 007 | ta | ||
| 008 | 230509b bl.|||p| |||| 00| 00por d | ||
| 040 |
_aBR-BrBNA _bpor _cBiblioteca Nacional de Agricultura |
||
| 041 | _a(En) | ||
| 072 | _aN20; K10 | ||
| 100 | 1 | _aPereira, D.P. | |
| 100 | 1 | _aFiedler, N.C. | |
| 100 | 1 | _aLima, J.S. de S. | |
| 100 | 1 | _aBauer, M. de O. | |
| 100 | 1 | _aRezende, A.V. | |
| 100 | 1 | _aMissiaggia, A.A. | |
| 100 | 1 | _aSimão, J.B.P. | |
| 245 | 1 | _aLateral stability limits of farm tractors for forest plantations in steep areas | |
| 650 | _aFLORESTA | ||
| 650 | _aMANEJO DO SOLO | ||
| 650 | _aSILVICULTURA | ||
| 650 | _aTRATOR | ||
| 650 | _aMECANIZAÇÃO | ||
| 773 | 0 |
_tScientia Forestalis (Brazil) _xISSN 1413-9324 _g(Dec 2011), v. 39(92) p. 433-439 _wBR2012001071 |
|
| 909 |
_a202311 _bLúcia _c55 _dLúcia Elande |
||
| 942 |
_2AGRIS _n0 _cANA |
||
| 999 |
_c217483 _d217483 |
||